[Event "BCF-chT3S 1314 (4NCL)"]
[Site "England"]
[Date "2014.02.16"]
[Round "6.117"]
[White "Lamont, Richard"]
[Black "Ludbrook, Matthew"]
[Result "0-1"]
[WhiteElo "1987"]
[BlackElo "2001"]
[PlyCount "36"]
[EventDate "2013.11.16"]
[EventType "team-swiss"]
[EventRounds "6"]
[EventCountry "ENG"]
[SourceTitle "EXT 2015"]
[Source "ChessBase"]
[SourceDate "2014.11.20"]
[SourceVersion "1"]
[SourceVersionDate "2014.11.20"]
[SourceQuality "1"]
[WhiteTeam "Anglian Avengers III"]
[BlackTeam "Oxford II"]
[WhiteTeamCountry "ENG"]
[BlackTeamCountry "ENG"]

1. e4 e6 2. d4 d5 3. e5 c5 4. c3 Nc6 5. Nf3 f6 6. exf6 Nxf6 7. Bb5 Bd6 8. 0-0 0-0 9. Re1 Qc7 10. Bxc6 bxc6 11. Ne5 cxd4 12. cxd4 c5 13. Nc3 Rb8 14. a3 Kh8 15. Qd3 cxd4 16. Qxd4 Ne4 17. Nxd5 exd5 18. Qxd5 Bb7 0-1

[Event "BCF-chT3S 1314 (4NCL)"]
[Site "England"]
[Date "2014.01.11"]
[Round "3.107"]
[White "Ludbrook, Matthew"]
[Black "Lawson, Maurice Elliot"]
[Result "1/2-1/2"]
[WhiteElo "2002"]
[BlackElo "1918"]
[PlyCount "161"]
[EventDate "2013.11.16"]
[EventType "team-swiss"]
[EventRounds "6"]
[EventCountry "ENG"]
[SourceTitle "EXT 2015"]
[Source "ChessBase"]
[SourceDate "2014.11.20"]
[SourceVersion "1"]
[SourceVersionDate "2014.11.20"]
[SourceQuality "1"]
[WhiteTeam "Oxford II"]
[BlackTeam "BCM Hippos III"]
[WhiteTeamCountry "ENG"]
[BlackTeamCountry "ENG"]

1. e4 c6 2. d4 d5 3. e5 c5 4. c3 Nc6 5. Bb5 a6 6. Bxc6+ bxc6 7. dxc5 Qc7 8. f4 h5 9. Nf3 Bg4 10. Nbd2 e6 11. b4 Nh6 12. h3 Bxf3 13. Nxf3 Nf5 14. Kf2 h4 15. Re1 Be7 16. Nd4 g6 17. a3 Qb7 18. Be3 Rb8 19. Qd3 Bd8 20. Reb1 0-0 21. a4 Nxd4 22. cxd4 Bc7 23. Rb3 Ra8 24. Rab1 Rfb8 25. Kf3 Qc8 26. Kg4 Kg7 27. Kxh4 Qh8+ 28. Kg3 Qh5 29. Kh2 Rh8 30. b5 axb5 31. axb5 Ra2 32. R3b2 Rxb2 33. Rxb2 cxb5 34. Rxb5 Qg4 35. Bd2 Bd8 36. Rb8 Qd1 37. Qe3 Ba5 38. Rb2 Qa1 39. Rc2 Qd1 40. Ra2 Bd8 41. Ra8 Qc2 42. Bb4 Qc4 43. Qc3 Qf1 44. Qd2 Bg5 45. fxg5 Rxa8 46. Qe3 Ra2 47. Bd2 Qd1 48. Bb4 Qc2 49. Qf3 Ra4 50. Qc3 Qe4 51. Qd2 Qb1 52. Bc3 Ra2 53. Qf4 Qc2 54. Qf3 Qf5 55. Qxf5 exf5 56. Kg1 Kf8 57. Be1 Ra4 58. Bf2 Ra1+ 59. Kh2 Ra2 60. Kg3 Ke7 61. Kf3 Kd7 62. Be3 Ra1 63. g4 fxg4+ 64. Kxg4 Ra3 65. Bf2 Rc3 66. h4 Ke6 67. Kf4 Kd7 68. Kg4 Ke6 69. Kf4 Kd7 70. Kg4 Kc6 71. h5 gxh5+ 72. Kxh5 Rf3 73. Bg1 Rf1 74. Be3 Rf3 75. Bg1 Rg3 76. Bf2 Rg2 77. Be3 Re2 78. Bg1 Re1 79. Bf2 Rf1 80. Be3 Rf3 81. Bg1 1/2-1/2

[Event "BCF-chT3 1213 (4NCL)"]
[Site "England"]
[Date "2013.03.24"]
[Round "8.165"]
[White "White, Mark"]
[Black "Ludbrook, Matthew"]
[Result "1/2-1/2"]
[WhiteElo "2100"]
[BlackElo "1996"]
[PlyCount "64"]
[EventDate "2012.11.03"]
[EventType "team-swiss"]
[EventRounds "11"]
[EventCountry "ENG"]
[SourceTitle "EXT 2014"]
[Source "ChessBase"]
[SourceDate "2013.11.20"]
[SourceVersion "1"]
[SourceVersionDate "2013.11.20"]
[SourceQuality "1"]
[WhiteTeam "Jorvik"]
[BlackTeam "Oxford II"]
[WhiteTeamCountry "ENG"]
[BlackTeamCountry "ENG"]

1. e4 e6 2. d4 d5 3. Bd3 Nf6 4. Bg5 dxe4 5. Bxe4 h6 6. Bxf6 Qxf6 7. Nf3 Nd7 8. 0-0 Bd6 9. Nc3 c6 10. Bd3 Bc7 11. Qe2 0-0 12. Qe4 g6 13. h4 Qf4 14. Rfe1 Rd8 15. Rad1 Kg7 16. g3 Qxe4 17. Nxe4 b6 18. c4 e5 19. Nc3 Re8 20. Be4 Bb7 21. Nb5 Bb8 22. dxe5 Nxe5 23. Nbd4 Nxf3+ 24. Bxf3 Be5 25. Bxc6 Bxc6 26. Nxc6 Bxb2 27. Rxe8 Rxe8 28. Nxa7 Ra8 29. Nb5 Rxa2 30. Rd6 Ra4 31. Rxb6 Rxc4 32. Nd6 Rc1+ 1/2-1/2

[Event "BCF-chT3 0910 (4NCL)"]
[Site "England"]
[Date "2010.01.16"]
[Round "3.5"]
[White "Davis, Alexei"]
[Black "Ludbrook, Matthew"]
[Result "0-1"]
[WhiteElo "1730"]
[BlackElo "2011"]
[PlyCount "62"]
[EventDate "2009.10.24"]
[EventType "team-tourn"]
[EventRounds "11"]
[EventCountry "ENG"]
[SourceTitle "EXT 2011"]
[Source "ChessBase"]
[SourceDate "2010.11.26"]
[SourceVersion "1"]
[SourceVersionDate "2010.11.26"]
[SourceQuality "1"]
[WhiteTeam "KJCA Knights"]
[BlackTeam "Oxford II"]
[WhiteTeamCountry "ENG"]
[BlackTeamCountry "ENG"]

1. d4 Nf6 2. Nc3 g6 3. e4 d6 4. Be3 Bg7 5. Qd2 0-0 6. Bh6 c5 7. Bxg7 Kxg7 8. dxc5 dxc5 9. Qxd8 Rxd8 10. Nf3 Nc6 11. a3 Bg4 12. Be2 Nd4 13. Nxd4 cxd4 14. e5 Nd7 15. f4 Bf5 16. Nb5 Nc5 17. 0-0-0 d3 18. cxd3 Bxd3 19. b4 Bxe2 20. Rxd8 Rxd8 21. Nc3 Nb3+ 22. Kb2 Bc4 23. Rd1 Rd2+ 24. Rxd2 Nxd2 25. Nd1 Ne4 26. a4 b5 27. Ne3 Kf8 28. a5 Ke8 29. Nxc4 bxc4 30. a6 Kd7 31. b5 Kc7 0-1

[Event "BCF-chT3 0809 (4NCL)"]
[Site "Hinckley Island"]
[Date "2009.05.02"]
[Round "9.6"]
[White "Mapletoft, Alexander J"]
[Black "Ludbrook, Matthew"]
[Result "0-1"]
[WhiteElo "1925"]
[BlackElo "2011"]
[PlyCount "108"]
[EventDate "2008.10.18"]
[EventType "team-swiss"]
[EventRounds "11"]
[EventCountry "ENG"]
[SourceTitle "EXT 2010"]
[Source "ChessBase"]
[SourceDate "2010.11.25"]
[SourceVersion "1"]
[SourceVersionDate "2010.11.25"]
[SourceQuality "1"]
[WhiteTeam "Leicester II"]
[BlackTeam "Oxford II"]
[WhiteTeamCountry "ENG"]
[BlackTeamCountry "ENG"]

1. e4 e6 2. d4 d5 3. Nc3 Bb4 4. Bd2 Bxc3 5. Bxc3 dxe4 6. Qg4 Nf6 7. Qxg7 Rg8 8. Qh6 Nbd7 9. Ne2 b6 10. g3 Bb7 11. Bg2 Qe7 12. 0-0-0 0-0-0 13. Qd2 Bd5 14. Nf4 Bb7 15. Bb4 c5 16. Qc3 Kb8 17. dxc5 bxc5 18. Ba5 Rc8 19. Rhe1 e5 20. Ne2 Nd5 21. Qb3 c4 22. Qa3 Qxa3 23. bxa3 f5 24. Bh3 Rg5 25. Bg2 N7f6 26. Bc3 Re8 27. Bb2 Kc7 28. Nc3 Nxc3 29. Bxc3 Bd5 30. h4 Rh5 31. Bd2 Kc6 32. Bg5 Ng4 33. Be3 Re7 34. Kb1 Rf7 35. Bh3 Nh2 36. Ka1 f4 37. Bc1 Rg7 38. gxf4 Rxh4 39. Bc8 exf4 40. Rd4 Nf3 41. Rxd5 Kxd5 42. Rd1+ Kc5 43. Bb2 Rg1 44. Bd4+ Kc6 45. Rxg1 Nxg1 46. Kb2 Rh2 47. Bxa7 Nh3 48. Bf5 Nxf2 49. Bxf2 Rxf2 50. Bxe4+ Kc5 51. Bxh7 f3 52. Be4 Rf1 53. Kc3 f2 54. Bg2 Rg1 0-1

[Event "BCF-chT4 0708 (4NCL)"]
[Site "England"]
[Date "2008.05.05"]
[Round "11.5"]
[White "Sathyanandha, Saravanan"]
[Black "Ludbrook, Matthew"]
[Result "1-0"]
[WhiteElo "1942"]
[BlackElo "2034"]
[PlyCount "105"]
[EventDate "2007.09.15"]
[EventType "team-swiss"]
[EventRounds "11"]
[EventCountry "ENG"]
[SourceTitle "EXT 2009"]
[Source "ChessBase"]
[SourceDate "2008.11.26"]
[SourceVersion "1"]
[SourceVersionDate "2008.11.26"]
[SourceQuality "1"]
[WhiteTeam "Southern Counties Stars"]
[BlackTeam "Oxford II"]
[WhiteTeamCountry "ENG"]
[BlackTeamCountry "ENG"]

1. e4 e6 2. d3 d5 3. Qe2 Nf6 4. Nf3 Be7 5. c4 c6 6. h4 b5 7. cxb5 cxb5 8. e5 Nfd7 9. g4 Nc6 10. Bf4 Qb6 11. Nc3 b4 12. Na4 Qa5 13. b3 Ba6 14. Bg2 Bb5 15. 0-0 Bxa4 16. bxa4 Nc5 17. Rfc1 Rc8 18. Bd2 Qa6 19. Bf1 Nxa4 20. d4 Qxe2 21. Bxe2 0-0 22. Rxc6 Rxc6 23. Bb5 Rc7 24. Bxa4 Rb8 25. Kf1 Kf8 26. Ke2 Rcc8 27. Rb1 Rb6 28. h5 Kg8 29. Ne1 Rc4 30. Kd3 Rc8 31. Nc2 Rcb8 32. f4 Kf8 33. Ne3 Kg8 34. Rc1 Kf8 35. g5 g6 36. h6 Kg8 37. Nd1 Kf8 38. Nb2 Bd8 39. Bb3 R6b7 40. Na4 Be7 41. Nc5 Bxc5 42. dxc5 Ke7 43. c6 Rc7 44. Be3 Rb5 45. Bxa7 Kd8 46. Bd4 Kc8 47. Rc2 Kd8 48. Bf2 Kc8 49. Bc5 Kd8 50. Bd6 Kc8 51. Bxc7 Kxc7 52. Kd4 Rb8 53. Rc5 1-0

[Event "BCF-chT4 0708 (4NCL)"]
[Site "England"]
[Date "2008.03.15"]
[Round "7.5"]
[White "Meade, Philip J"]
[Black "Ludbrook, Matthew"]
[Result "0-1"]
[WhiteElo "2020"]
[BlackElo "2030"]
[PlyCount "150"]
[EventDate "2007.09.15"]
[EventType "team-swiss"]
[EventRounds "11"]
[EventCountry "ENG"]
[SourceTitle "EXT 2009"]
[Source "ChessBase"]
[SourceDate "2008.11.26"]
[SourceVersion "1"]
[SourceVersionDate "2008.11.26"]
[SourceQuality "1"]
[WhiteTeam "Gloucestershire. Gambits"]
[BlackTeam "Oxford II"]
[WhiteTeamCountry "ENG"]
[BlackTeamCountry "ENG"]

1. e4 e6 2. d4 d5 3. Nd2 c5 4. exd5 exd5 5. Bb5+ Nc6 6. Ngf3 Qe7+ 7. Qe2 Qxe2+ 8. Kxe2 Bg4 9. Re1 0-0-0 10. Bxc6 bxc6 11. Kf1 f6 12. dxc5 Bxc5 13. Nb3 Bd6 14. Nfd4 Ne7 15. Bd2 Bd7 16. Kg1 Ng6 17. a3 c5 18. Ne6 Bxe6 19. Rxe6 Kd7 20. Re2 Rb8 21. Bc3 d4 22. Bd2 d3 23. Re3 c4 24. Na5 Bf4 25. Nxc4 Bxe3 26. Bxe3 dxc2 27. Rc1 Rb7 28. Rxc2 Ne5 29. Na5 Rc7 30. Rd2+ Ke6 31. Kf1 g5 32. Ke2 Ng4 33. Bd4 Re8 34. Kf3 Kf5 35. Kg3 h5 36. b3 Re1 37. f3 h4+ 38. Kh3 Ne3 39. Rd3 Nc2 40. Bb2 Rb1 41. Bc3 Nxa3 42. Bb4 Ra1 43. Bxa3 Rxa3 44. Nc4 Ra2 45. Ne3+ Ke6 46. Nc4 a5 47. Rd6+ Ke7 48. Rd4 Rc5 49. g3 hxg3 50. hxg3 Rb5 51. Rd3 Rb4 52. Rc3 Ke6 53. f4 gxf4 54. gxf4 a4 55. bxa4 Raxa4 56. Ne3 Rxf4 57. Kg3 Rfe4 58. Kf3 Ke5 59. Rc5+ Ke6 60. Rc6+ Kf7 61. Rc5 Kg6 62. Rc6 Kg5 63. Rc8 f5 64. Rg8+ Kf6 65. Rf8+ Kg6 66. Rg8+ Kf7 67. Rg5 Rf4+ 68. Kg3 Ke6 69. Rg8 Rfb4 70. Kf3 f4 71. Nc2 Rb3+ 72. Ke2 Ra2 73. Kd1 Rb1+ 74. Kd2 Rbb2 75. Rc8 f3 0-1

[Event "BCF-chT4 0708 (4NCL)"]
[Site "England"]
[Date "2008.02.10"]
[Round "6.6"]
[White "Davies, Peter L"]
[Black "Ludbrook, Matthew"]
[Result "1/2-1/2"]
[WhiteElo "2001"]
[BlackElo "2030"]
[PlyCount "50"]
[EventDate "2007.09.15"]
[EventType "team-swiss"]
[EventRounds "11"]
[EventCountry "ENG"]
[SourceTitle "EXT 2009"]
[Source "ChessBase"]
[SourceDate "2008.11.26"]
[SourceVersion "1"]
[SourceVersionDate "2008.11.26"]
[SourceQuality "1"]
[WhiteTeam "Pontypridd"]
[BlackTeam "Oxford II"]
[WhiteTeamCountry "ENG"]
[BlackTeamCountry "ENG"]

1. c4 Nf6 2. Nc3 g6 3. g3 Bg7 4. Bg2 d6 5. d4 0-0 6. Nf3 c5 7. d5 e5 8. 0-0 Na6 9. e4 Nc7 10. Qc2 Rb8 11. a4 b6 12. Bd2 a6 13. b3 Bd7 14. Qc1 Rb7 15. Bh6 b5 16. Bxg7 Kxg7 17. axb5 axb5 18. Ne1 Ng4 19. f3 Nh6 20. Nd3 f6 21. f4 Qe7 22. Nd1 Rfb8 23. N1f2 Bc8 24. fxe5 fxe5 25. Bh3 Bxh3 1/2-1/2

[Event "BCF-chT4 0708 (4NCL)"]
[Site "England"]
[Date "2007.10.27"]
[Round "1.2"]
[White "Ludbrook, Matthew"]
[Black "Sathyanandha, Saravanan"]
[Result "1/2-1/2"]
[WhiteElo "2046"]
[BlackElo "1909"]
[PlyCount "91"]
[EventDate "2007.09.15"]
[EventType "team-swiss"]
[EventRounds "11"]
[EventCountry "ENG"]
[SourceTitle "EXT 2009"]
[Source "ChessBase"]
[SourceDate "2008.11.26"]
[SourceVersion "1"]
[SourceVersionDate "2008.11.26"]
[SourceQuality "1"]
[WhiteTeam "Oxford III"]
[BlackTeam "Southern Counties Stars"]
[WhiteTeamCountry "ENG"]
[BlackTeamCountry "ENG"]

1. e4 e6 2. d4 d5 3. Nd2 Nf6 4. e5 Nfd7 5. Bd3 c5 6. c3 Nc6 7. Ne2 cxd4 8. cxd4 f6 9. exf6 Nxf6 10. Nf3 Bd6 11. Bf4 0-0 12. 0-0 Bxf4 13. Nxf4 Ne4 14. g3 Qf6 15. h4 Qh6 16. Qc1 Bd7 17. Re1 Rac8 18. Qe3 Nb4 19. Bxe4 dxe4 20. Ng5 Nc2 21. Qxe4 Nxa1 22. Rxa1 Bc6 23. Qxe6+ Qxe6 24. Ngxe6 Rfe8 25. Re1 Rcd8 26. Re3 Rd6 27. g4 h6 28. g5 hxg5 29. hxg5 Kf7 30. g6+ Kf6 31. Nh5+ Kxg6 32. Nhxg7 Re7 33. f4 Bd5 34. f5+ Kf6 35. Nh5+ Kxf5 36. Neg7+ Rxg7+ 37. Nxg7+ Kf4 38. Kf2 Rg6 39. Nh5+ Kg4 40. Ng3 Rf6+ 41. Ke1 Bxa2 42. Kd2 Rf2+ 43. Ne2 Bc4 44. b3 Bb5 45. Re4+ Kf3 46. Rf4+ 1/2-1/2

[Event "Barcelona Sants op 09th"]
[Site "Barcelona"]
[Date "2007.08.24"]
[Round "1"]
[White "Ludbrook, Matthew"]
[Black "Fluvia Poyatos, Jordi"]
[Result "0-1"]
[WhiteElo "2046"]
[BlackElo "2497"]
[PlyCount "56"]
[EventDate "2007.08.24"]
[EventType "swiss"]
[EventRounds "10"]
[EventCountry "ESP"]
[SourceTitle "CBM 120 Extra"]
[Source "ChessBase"]
[SourceDate "2007.11.01"]
[SourceVersion "1"]
[SourceVersionDate "2007.11.01"]
[SourceQuality "1"]

1. e4 d6 2. Nc3 g6 3. d3 Bg7 4. Be3 c6 5. g3 d5 6. d4 Nf6 7. e5 Ng4 8. Bf4 c5 9. Nf3 Nc6 10. Bb5 cxd4 11. Nxd4 Bd7 12. Bxc6 bxc6 13. Qe2 c5 14. Nf3 d4 15. Ne4 Bc6 16. 0-0 Qd5 17. Ned2 g5 18. h3 h5 19. c4 dxc3 20. bxc3 gxf4 21. c4 Qe6 22. hxg4 hxg4 23. Nh4 Bxe5 24. Rae1 fxg3 25. Qxe5 Rxh4 26. f3 Rh1+ 27. Kg2 gxf3+ 28. Nxf3 Qh3# 0-1

[Event "BCF-chT4 0607 (4NCL)"]
[Site "Sunningdale"]
[Date "2007.03.25"]
[Round "8.65"]
[White "Ludbrook, Matthew"]
[Black "Birtwistle, Nigel"]
[Result "0-1"]
[WhiteElo "2058"]
[BlackElo "2105"]
[PlyCount "64"]
[EventDate "2006.09.16"]
[EventType "team"]
[EventRounds "11"]
[EventCountry "ENG"]
[SourceTitle "EXT 2008"]
[Source "ChessBase"]
[SourceDate "2007.11.25"]
[SourceVersion "1"]
[SourceVersionDate "2007.11.25"]
[SourceQuality "1"]
[WhiteTeam "Oxford II"]
[BlackTeam "Pandoras Box"]
[WhiteTeamCountry "ENG"]
[BlackTeamCountry "ENG"]

1. e4 g6 2. Nc3 Bg7 3. d3 a6 4. Be3 d6 5. Qd2 Nd7 6. Be2 c5 7. f4 b5 8. Bf3 Bb7 9. Qf2 Rc8 10. Nge2 e6 11. g4 Ne7 12. Ng3 b4 13. Nd1 d5 14. h4 Nc6 15. Ne2 dxe4 16. Bxe4 Nf6 17. Bf3 Na5 18. Bxb7 Nxb7 19. Qf3 Qd5 20. Qxd5 Nxd5 21. Bf2 0-0 22. g5 Nd6 23. h5 c4 24. h6 Bh8 25. d4 Nf5 26. Rh3 Rfd8 27. a3 a5 28. axb4 axb4 29. Ra5 Ra8 30. Rc5 Rdc8 31. Kd2 Nd6 32. Ne3 Ne4+ 0-1

[Event "BCF-chT4 0607 (4NCL)"]
[Site "Sunningdale"]
[Date "2007.02.11"]
[Round "6.4"]
[White "Sathyanandha, Senthuran"]
[Black "Ludbrook, Matthew"]
[Result "1-0"]
[WhiteElo "1920"]
[BlackElo "2058"]
[PlyCount "69"]
[EventDate "2006.09.16"]
[EventType "team"]
[EventRounds "11"]
[EventCountry "ENG"]
[SourceTitle "EXT 2008"]
[Source "ChessBase"]
[SourceDate "2007.11.25"]
[SourceVersion "1"]
[SourceVersionDate "2007.11.25"]
[SourceQuality "1"]
[WhiteTeam "SC Stars"]
[BlackTeam "Oxford II"]
[WhiteTeamCountry "ENG"]
[BlackTeamCountry "ENG"]

1. e4 e6 2. d3 d5 3. Nd2 c5 4. Ngf3 Nc6 5. g3 Bd6 6. Bg2 Nge7 7. 0-0 0-0 8. Re1 Qc7 9. Qe2 Ng6 10. h4 f6 11. Nf1 Bd7 12. c3 Rae8 13. Be3 b6 14. a3 Kh8 15. N3h2 d4 16. Bd2 e5 17. Qh5 f5 18. Nf3 Nce7 19. Ng5 h6 20. exf5 Bxf5 21. Ne4 Kg8 22. g4 Bxe4 23. Bxe4 Nf4 24. Bxf4 exf4 25. g5 Qd7 26. gxh6 g6 27. Bxg6 Nxg6 28. Qxg6+ Kh8 29. Rxe8 Rxe8 30. Qf6+ Kh7 31. Nh2 Rg8+ 32. Kh1 Rg6 33. Qxg6+ Kxg6 34. Rg1+ Kxh6 35. Ng4+ 1-0

[Event "BCF-chT4a 0405 (4NCL)"]
[Site "Telford"]
[Date "2005.01.15"]
[Round "3.6"]
[White "Ludbrook, Matthew"]
[Black "Ponter, Ian"]
[Result "1-0"]
[WhiteElo "2039"]
[BlackElo "2047"]
[PlyCount "159"]
[EventDate "2004.11.06"]
[EventType "team"]
[EventRounds "11"]
[EventCountry "ENG"]
[SourceTitle "EXT 2006"]
[Source "ChessBase"]
[SourceDate "2005.11.24"]
[SourceVersion "1"]
[SourceVersionDate "2005.11.24"]
[SourceQuality "1"]
[WhiteTeam "Oxford II"]
[BlackTeam "Gloucestershire Gambits"]
[WhiteTeamCountry "ENG"]
[BlackTeamCountry "ENG"]

1. e4 e5 2. Nf3 Nc6 3. Bb5 a6 4. Ba4 Nf6 5. 0-0 b5 6. Bb3 Bb7 7. Re1 Bc5 8. c3 d6 9. d4 Bb6 10. h3 h6 11. a4 0-0 12. Na3 exd4 13. cxd4 Na5 14. e5 Nxb3 15. Qxb3 dxe5 16. dxe5 Ne4 17. Be3 Bxe3 18. Qxe3 bxa4 19. Nc4 Ng5 20. Nxg5 hxg5 21. Na5 Qd5 22. Nxb7 Qxb7 23. Re2 Rae8 24. Rxa4 Re6 25. Rc4 Rfe8 26. Qc3 Qb5 27. Re3 c6 28. Rc5 Qa4 29. g3 Qd1+ 30. Kg2 Qd7 31. Qa3 Qe7 32. Rec3 Qb7 33. Re3 g6 34. Qc3 Kg7 35. Kg1 Rh8 36. Kg2 Qc8 37. g4 Rd8 38. Re1 Rd7 39. Rc1 Rc7 40. Rc2 Qb8 41. Qc4 Rb7 42. Rxc6 Rb4 43. Qxa6 Qxe5 44. Rxe6 fxe6 45. Qe2 Re4 46. Qf3 Rf4 47. Qb7+ Kf6 48. Rc8 Qe4+ 49. Qxe4 Rxe4 50. Rb8 Re2 51. b4 Rb2 52. b5 Kg7 53. b6 Rb3 54. b7 Kh7 55. Re8 Rxb7 56. Rxe6 Kg7 57. Kf3 Kf7 58. Re3 Kf6 59. Kg3 Rb4 60. Kf3 Rb2 61. Kg3 Rb4 62. Ra3 Rb6 63. h4 Rc6 64. Rf3+ Kg7 65. hxg5 Rc1 66. Rb3 Rc7 67. f4 Rc1 68. Rb7+ Kg8 69. f5 Rc3+ 70. Kh4 Rc1 71. Rb6 gxf5 72. gxf5 Rc5 73. Kg4 Rc4+ 74. Kh5 Rc7 75. f6 Rh7+ 76. Kg6 Rg7+ 77. Kf5 Ra7 78. Rb8+ Kh7 79. g6+ Kh6 80. Rh8+ 1-0

[Event "BCF-chT4 0304 (4NCL)"]
[Site "West Bromwich "]
[Date "2004.03.28"]
[Round "6.6"]
[White "Ludbrook, Matthew"]
[Black "Fryer, Abi"]
[Result "1-0"]
[WhiteElo "1816"]
[BlackElo "1128"]
[PlyCount "57"]
[EventDate "2003.10.??"]
[EventType "team"]
[EventRounds "11"]
[EventCountry "ENG"]
[SourceTitle "EXT 2005"]
[Source "ChessBase"]
[SourceDate "2004.11.15"]
[SourceVersion "1"]
[SourceVersionDate "2004.11.15"]
[SourceQuality "1"]
[WhiteTeam "Oxford II"]
[BlackTeam "Sussex Mindsports"]
[WhiteTeamCountry "ENG"]
[BlackTeamCountry "ENG"]

1. e4 e5 2. Nf3 Nc6 3. Bb5 a6 4. Ba4 Nf6 5. 0-0 Bc5 6. c3 0-0 7. d4 Ba7 8. Re1 d5 9. exd5 Qxd5 10. Nxe5 Re8 11. Bb3 Qd6 12. Bxf7+ Kf8 13. Bxe8 Bf5 14. Bxc6 bxc6 15. Qf3 Re8 16. Qxf5 c5 17. Bg5 cxd4 18. Bxf6 gxf6 19. Nd7+ Qxd7 20. Qxf6+ Kg8 21. Qg5+ Kf8 22. Rxe8+ Qxe8 23. Qd2 d3 24. Na3 Qe4 25. Re1 Qb7 26. Re5 Qb6 27. Qf4+ Kg7 28. Rg5+ Kh6 29. Qh4# 1-0

[Event "BCF-chT4 0304 (4NCL)"]
[Site "West Bromwich "]
[Date "2004.01.24"]
[Round "3.4"]
[White "Gallagher, John"]
[Black "Ludbrook, Matthew"]
[Result "0-1"]
[WhiteElo "1600"]
[BlackElo "1816"]
[PlyCount "68"]
[EventDate "2003.10.??"]
[EventType "team"]
[EventRounds "11"]
[EventCountry "ENG"]
[SourceTitle "EXT 2005"]
[Source "ChessBase"]
[SourceDate "2004.11.15"]
[SourceVersion "1"]
[SourceVersionDate "2004.11.15"]
[SourceQuality "1"]
[WhiteTeam "Braille Chess Association"]
[BlackTeam "Oxford II"]
[WhiteTeamCountry "ENG"]
[BlackTeamCountry "ENG"]

1. d4 Nf6 2. Nf3 g6 3. c4 c5 4. e3 Bg7 5. Nc3 0-0 6. Be2 d6 7. 0-0 Nc6 8. a3 b6 9. Qc2 Bd7 10. Rb1 Ne8 11. d5 Na5 12. b4 Nb7 13. Bb2 e5 14. dxe6 fxe6 15. Rbd1 Qe7 16. Qd2 Rd8 17. Ne1 Bc6 18. b5 Bd7 19. Bf3 Na5 20. Be2 Bc8 21. Qc2 Bb7 22. f4 d5 23. cxd5 exd5 24. Bc1 Nc7 25. a4 d4 26. Nb1 Rde8 27. Bf3 dxe3 28. Qe2 Rxf4 29. Nc2 Rxa4 30. Bxb7 Nxb7 31. Rf3 Re4 32. Rdf1 Nd6 33. Ne1 Ncxb5 34. Qa2+ c4 0-1